000 00529 a2200193 4500
005 20260401113112.0
008 260324b |||||||| |||| 00| 0 eng d
020 _a9780367649920
_c£ 39.99
040 _aMAIN
082 _a647.94
_bK831E
100 _aKolb, Bonita M
245 _aEvent management for the tourism and hospitality industries
260 _bRoutledge
_c2022
_aNew Delhi
300 _aviii, 164
650 _aHotel Management
650 _aFamily Management
650 _aHospitality Industry
942 _cBK
999 _c395640
_d395640